000 00298nam a22001337a 4500
008 170214b xxu||||| |||| 00| 0 eng d
020 _a0721640141
041 _aeng
080 _22ND
_a61
100 _a4
101 _aSHM
245 _aPULMONARY FUNCTION TESTING
_cCHERNIACK, R.M
942 _2udc
_cBK
999 _c5455
_d5455